000 00454nam a2200133Ia 4500
008 100328s9999 xx 000 0 und d
082 _b60788
100 _aसंभूस पद्माकर.
245 _aनि(ला)जऱ्या लावण्या.
260 _bमाुश्री.
630 _aनि(ला)जऱ्या लावण्या.
730 _aनि(ला)जऱ्या लावण्या.
942 _cBOOK
999 _c546911
_d546908